[Event "Olympiad Women 2024"]
[Site "Budapest HUN"]
[Date "2024.09.21"]
[Round "10.15"]
[Board "2"]
[White "Librelato, Kathie Goulart"]
[Black "Sandu, Mihaela"]
[Result "0-1"]
[WhiteElo "2181"]
[BlackElo "2248"]
[PlyCount "60"]
[EventDate "2024.09.11"]
[WhiteTeam "Brazil"]
[BlackTeam "Romania"]
[WhiteTeamCountry "BRA"]
[BlackTeamCountry "ROU"]

1. e4 e5 2. Bc4 Nf6 3. d3 Nc6 4. Nc3 Na5 5. Nge2 Nxc4 6. dxc4 d6 7. Ng3 Be6 ({RR} 7... Be7 8. h3 Be6 9. b3 c6 10. O-O O-O 11. Qf3 Re8 12. Rd1 Qc7 13. Rd3 Rad8 14. Bg5 h6 15. Be3 a6 16. a4 Nd7 17. Nh5 Bf8 18. Rad1 Kh7 19. Ng3 a5 20. Nf5 Nc5 21. R3d2 g6 22. Ng3 {1-0 Firouzja,A (2759)-Radjabov,T (2765) Paris GCT Blitz 2021 (10)}) 8. b3 g6 $146 ({RR} 8... c6 9. Bb2 g6 10. Qe2 h5 11. O-O-O Qc7 12. Nf1 a6 13. a4 Bh6+ 14. Kb1 O-O 15. Ne3 Rfd8 16. h3 b5 17. cxb5 axb5 18. axb5 cxb5 19. Qxb5 Qa7 20. Rhe1 Rdc8 21. Qb4 Rc6 22. Nb5 Qa2+ 23. Kc1 {0-1 Larsen,O-Brinck Claussen,B (2375) Snekkersten 1979 (5)}) ({RR} 8... Qd7 9. h3 c6 10. Bg5 Be7 11. Qf3 O-O-O 12. Rd1 h6 13. Bxf6 Bxf6 14. O-O Qe7 15. Nf5 Bxf5 16. exf5 g6 17. Rd3 gxf5 18. Qxf5+ Qe6 19. Rf3 Qxf5 20. Rxf5 Bg7 21. Rxf7 Rd7 22. Rxd7 Kxd7 23. Rd1 {1-0 Skliarov,V (2349)-Melikhov,E (2172) Titled Tue 13th Feb Early 2024 (3)}) ({RR} 8... Be7 9. h3 h5 10. Qf3 g6 11. Nd5 Nxd5 12. cxd5 Bd7 13. Bd2 c6 14. dxc6 Bxc6 15. Qd3 Qd7 16. Ne2 f5 17. f3 fxe4 18. fxe4 O-O 19. Nc3 Kh7 20. O-O-O Bf6 21. Qe3 Bg7 22. g4 h4 23. Qe1 {½-½ Vyskocil,N (2335)-Pisk,P (2322) Marianske Lazne 2004 (1)}) 9. Qd3 Bg7 10. Bg5 h6 11. Bd2 a6 12. a4 c6 13. O-O O-O 14. f4 exf4 15. Bxf4 d5 16. cxd5 cxd5 17. e5 Ng4 18. Rad1 Qh4 19. Nge2 Nxe5 20. Qg3 Qxg3 21. Bxg3 Rad8 22. Nf4 Bf5 23. Rd2 d4 24. Ncd5 Nc6 25. Nb6 Rfe8 26. Nh5 gxh5 27. Rxf5 d3 28. Nd5 dxc2 29. Rxc2 Nd4 30. Rcf2 Re1+ 0-1

[Event "Olympiad Women 2024"]
[Site "Budapest HUN"]
[Date "2024.09.21"]
[Round "10.15"]
[Board "3"]
[White "Voicu-Jagodzinsky, Carmen"]
[Black "Alboredo, Julia"]
[Result "0-1"]
[WhiteElo "2271"]
[BlackElo "2127"]
[PlyCount "122"]
[EventDate "2024.09.11"]
[WhiteTeam "Romania"]
[BlackTeam "Brazil"]
[WhiteTeamCountry "ROU"]
[BlackTeamCountry "BRA"]

1. d4 Nf6 2. Bf4 e6 3. e3 c5 4. Nf3 cxd4 5. exd4 b6 6. Bd3 Bb7 7. Nbd2 Be7 8. h3 d6 9. O-O O-O 10. Re1 Nbd7 11. Bg3 Qc7 12. a4 a6 13. Qe2 h6 14. c3 Rfe8 15. Nc4 $146 ({RR} 15. c4 a5 16. Rac1 Bf8 17. Ne4 Nxe4 18. Bxe4 Rac8 19. Rc3 Nf6 20. Bxb7 Qxb7 21. Re3 d5 22. b3 Ne4 23. Rxe4 dxe4 24. Qxe4 Qxe4 25. Rxe4 g5 26. Be5 Be7 27. Re2 f6 28. Bg3 Bb4 29. Ne1 e5 {0-1 Kaliksteyn,A (2380)-Kovalyov,A (2631) Dallas UT Fall op 2018 (4)}) ({RR} 15. Ne4 Nxe4 16. Bxe4 Bxe4 17. Qxe4 Nf6 18. Qe2 Rec8 19. Nd2 Qb7 20. Bh4 b5 21. axb5 axb5 22. Bxf6 Bxf6 23. Qe4 d5 24. Qd3 b4 25. Rxa8 Rxa8 26. Rb1 bxc3 27. bxc3 Qc7 28. g3 Bg5 29. Nf3 Bf6 {½-½ Koniahli,M (2299)-Gnaam,K (2039) SYR-ch Damascus 2019 (3)}) 15... Bf8 16. Ne3 Qc6 17. c4 e5 18. d5 Qc7 19. Bc2 g6 20. Nd2 Bg7 21. Rab1 a5 22. f3 Nh5 23. Bf2 Nc5 24. Qf1 Bc8 25. Nd1 Qe7 26. Be3 Bf6 27. g4 Ng7 28. Re2 Bg5 29. Nf2 f5 30. b4 axb4 31. Rxb4 Bd7 32. Rxb6 Bxe3 33. Rxe3 Bxa4 34. Bb1 Reb8 35. Rxb8+ Rxb8 36. f4 e4 37. Qc1 Qf6 38. Nf1 Qa1 39. Re1 Nb3 40. Qe3 Qd4 41. Ba2 Qxe3 42. Nxe3 Nd4 43. Rb1 Rxb1+ 44. Bxb1 Ne2+ 45. Kh2 Nxf4 46. Nfd1 Ne2 47. Nb2 Bb3 48. Bc2 Nd4 49. Bxb3 Nxb3 50. Kg3 Kf7 51. Na4 Kf6 52. Nc3 Ke5 53. Ne2 Nc5 54. Nf4 Kf6 55. gxf5 Nxf5+ 56. Nxf5 gxf5 57. h4 Nd3 58. Ne6 Ke5 59. h5 f4+ 60. Kg4 Nf2+ 61. Kh4 e3 0-1

[Event "Olympiad Women 2024"]
[Site "Budapest HUN"]
[Date "2024.09.21"]
[Round "10.15"]
[Board "4"]
[White "Tamarozi, Isabelle"]
[Black "Lehaci, Miruna-Daria"]
[Result "0-1"]
[WhiteElo "2059"]
[BlackElo "2180"]
[PlyCount "106"]
[EventDate "2024.09.11"]
[WhiteTeam "Brazil"]
[BlackTeam "Romania"]
[WhiteTeamCountry "BRA"]
[BlackTeamCountry "ROU"]

1. e4 c5 2. Nf3 Nc6 3. d4 cxd4 4. Nxd4 Nf6 5. Nc3 d6 6. Be3 Ng4 7. Bb5 Nxe3 8. fxe3 Bd7 9. O-O e6 10. Bxc6 bxc6 11. e5 Be7 12. exd6 Bxd6 13. Qh5 O-O 14. Ne4 Be7 15. Rad1 Qe8 16. Nf3 $146 ({RR} 16. Ng5 h6 17. Ngf3 c5 18. Ne2 Bb5 19. Rf2 Bxe2 20. Rxe2 Qb5 21. Rf2 Qxb2 22. Ne5 Bg5 23. Ng4 f5 24. h4 fxg4 25. Rxf8+ Rxf8 26. hxg5 Qxc2 27. Qxg4 Qf2+ 28. Kh1 Qxe3 29. g6 Qe5 30. Rc1 Rf5 {0-1 Llaneza Vega,M (2438)-Gasanov,E (2498) Najdorf Memorial op-A 2007 (7)}) 16... f6 17. Qa5 e5 18. Nd6 Qb8 19. Qc5 Be6 20. Qxc6 Bxd6 21. Qxd6 Bc4 22. Rfe1 Qxb2 23. Rb1 Qxa2 24. Rec1 Bf7 25. Rb7 a5 26. e4 a4 27. Nh4 Qc4 28. Rb4 Qc3 29. Nf5 a3 30. Rbb1 a2 31. Ra1 Rfd8 32. Qe7 Rac8 33. Rxa2 Re8 34. Qd7 Rc7 35. Qa4 g6 36. Ra3 Qd2 37. Rf1 gxf5 38. Qa6 Qd8 39. Rxf5 Rxc2 40. Rg3+ Bg6 41. h4 Rc1+ 42. Kh2 Qd1 43. Kh3 Qh1+ 44. Kg4 h5+ 45. Rxh5 Qd1+ 46. Rf3 Qd7+ 47. Rhf5 Bxf5+ 48. exf5 Qg7+ 49. Kh5 Rd1 50. Rg3 Qxg3 51. Qc6 Rdd8 52. Qc4+ Kh8 53. Qc7 Qg7 0-1

[Event "Olympiad Women 2024"]
[Site "Budapest HUN"]
[Date "2024.09.21"]
[Round "10.16"]
[Board "1"]
[White "Keinanen, Anastasia"]
[Black "Brunello, Marina"]
[Result "1/2-1/2"]
[WhiteElo "2212"]
[BlackElo "2348"]
[PlyCount "52"]
[EventDate "2024.09.11"]
[WhiteTeam "Finland"]
[BlackTeam "Italy"]
[WhiteTeamCountry "FIN"]
[BlackTeamCountry "ITA"]

1. e4 c6 2. c4 d5 3. cxd5 cxd5 4. e5 Bf5 5. d4 e6 6. Bd3 Ne7 7. Nc3 Bxd3 8. Qxd3 Nf5 9. Nf3 Be7 10. O-O Nc6 11. g4 $146 ({RR} 11. a3 O-O 12. h3 Rc8 13. Bf4 a6 14. Rfd1 Qc7 15. Rac1 Qb8 16. g4 Nh4 17. Nxh4 Bxh4 18. Na4 Qa7 19. Be3 Be7 20. Nc5 Rc7 21. Kg2 Rfc8 22. b4 Bxc5 23. bxc5 Na5 24. Rb1 Nc4 25. Rb4 a5 {1-0 Todorov,N (2088)-Babatov,M (1578) Sofia MGU blitz 23rd 2018 (1)}) 11... Nh6 12. Bxh6 gxh6 13. Kh1 a6 14. a3 Bg5 15. b4 f6 16. h4 Bf4 17. Ne2 fxe5 18. Nxf4 exf4 19. Rae1 Qf6 20. Qe2 Kf7 21. Rg1 Rhg8 22. Qd3 Qg6 23. Qd2 Qf6 24. Qd3 Qg6 25. Qd2 Qf6 26. Qd3 Qg6 1/2-1/2

[Event "Olympiad Women 2024"]
[Site "Budapest HUN"]
[Date "2024.09.21"]
[Round "10.16"]
[Board "2"]
[White "Zimina, Olga"]
[Black "Paasikangas, Johanna"]
[Result "1-0"]
[WhiteElo "2302"]
[BlackElo "2058"]
[PlyCount "153"]
[EventDate "2024.09.11"]
[WhiteTeam "Italy"]
[BlackTeam "Finland"]
[WhiteTeamCountry "ITA"]
[BlackTeamCountry "FIN"]

1. d4 d5 2. c4 e6 3. Nf3 Nf6 4. g3 Be7 5. Bg2 O-O 6. O-O b6 7. Ne5 Bb7 8. Nc3 Nbd7 9. Qa4 Nb8 10. Bf4 ({RR} 10. Rd1 c6 11. e4 a6 12. Qb3 dxc4 13. Nxc4 b5 14. Bf4 Ra7 15. Ne5 Nbd7 16. Be3 Ra8 17. Nd3 Qc8 18. Rac1 Ng4 19. Ne2 Nxe3 20. fxe3 Bg5 21. Nef4 e5 22. dxe5 c5 23. e6 fxe6 24. Qxe6+ Kh8 {1-0 Ehlvest,J (2614)-Sevillano,E (2450) Minneapolis HB Global op 2005 (7)}) ({RR} 10. Rd1 c6 11. Bf4 Nfd7 12. Rac1 Nxe5 13. Bxe5 a6 14. cxd5 cxd5 15. e4 b5 16. Qc2 b4 17. Na4 dxe4 18. Bc7 Qe8 19. Nc5 Bd5 20. Nxe4 Qd7 21. Bf4 Qa7 22. Ng5 Bxg5 23. Bxg5 Bxg2 24. Kxg2 h6 {½-½ Rahman,S (2164)-Md. Shawket Bin,O (2031) Bangabandhu Premier 2024 (3.1)}) 10... Nh5 $146 ({RR} 10... a6 11. cxd5 exd5 12. Rac1 Qc8 13. b4 Qe6 14. Qb3 Bd6 15. Rfe1 Rd8 16. Nd3 Nc6 17. e3 Qf5 18. Red1 Ne7 19. Rd2 Ng6 20. Bxd6 Rxd6 21. Ne2 c6 22. Nef4 Nxf4 23. Nxf4 g5 24. Nd3 Ne4 25. Rdc2 {1-0 Watzlawek,M (2095)-Kampman,T (2104) Maastricht Limburg op-A 7th 2013 (5)}) ({RR} 10... a6 11. Rfd1 c6 12. cxd5 cxd5 13. Rac1 b5 14. Qb3 Nh5 15. Na4 Nxf4 16. gxf4 Bd6 17. Nc5 Ra7 18. e4 dxe4 19. Nxb7 Rxb7 20. Bxe4 Rc7 21. d5 Rxc1 22. Rxc1 Bxe5 {0-1 Gant,C (2206)-Pleasants,A (2048) Guernsey op Grand Havre Bay 2010 (2)}) ({RR} 10... Qc8 11. cxd5 Nxd5 12. Nxd5 Bxd5 13. e4 Bb7 14. Rac1 c5 15. dxc5 bxc5 16. Rfd1 Rd8 17. Rxd8+ Qxd8 18. Be3 Na6 19. Nc6 Bxc6 20. Qxa6 Qb6 21. Qa3 Rd8 22. Bxc5 Bxc5 23. Qxc5 Rd1+ 24. Rxd1 Qxc5 25. Rd8+ {1-0 Luetzen,P (1884)-Tenninger,J (1608) Niedersachsen-ch op-C 2017 (1)}) 11. Be3 c6 12. Rac1 a5 13. cxd5 exd5 14. Qb3 b5 15. Na4 Na6 16. Nd3 Ra7 17. Nac5 Nxc5 18. Nxc5 Bc8 19. Nd3 Ra6 20. a4 b4 21. Ne5 Qe8 22. Qc2 Bb7 23. Bh3 Nf6 24. Bf5 h6 25. Bf4 Kh8 26. b3 Bd8 27. Nd3 Bb6 28. Be5 Nd7 29. Bd6 Rg8 30. e3 g6 31. Bh3 Kh7 32. Rfe1 Qd8 33. Nc5 Nxc5 34. dxc5 Bc7 35. Bxc7 Qxc7 36. e4 Rd8 37. Bf1 Raa8 38. exd5 cxd5 39. c6 Bc8 40. Qc5 Rd6 41. Re8 Re6 42. Qf8 Rxe8 43. Qxe8 Rb8 44. Qe3 Be6 45. Qd4 Rd8 46. Bd3 Rd6 47. Bb5 Kg8 48. Rd1 Kh7 49. Qf4 Qd8 50. Rd4 Kg7 51. Kg2 Qe7 52. Qe5+ Kh7 53. Kg1 Qc7 54. Rh4 Qd8 55. c7 Qf8 56. Be8 d4 57. Bxf7 Bxf7 58. c8=Q Qxc8 59. Qxd6 Qc3 60. Rxd4 Qxb3 61. Qc7 Qb1+ 62. Kg2 Qf5 63. Qd7 Qe6 64. Qxe6 Bxe6 65. Rd6 Bb3 66. Ra6 Bxa4 67. Rxa5 Bc2 68. Rb5 b3 69. Rb7+ Kg8 70. Kf3 Kf8 71. Ke3 Ke8 72. g4 g5 73. Kd4 Kf8 74. Ke5 Kg8 75. Kf6 Kh8 76. Rb8+ Kh7 77. h3 1-0

[Event "Olympiad Women 2024"]
[Site "Budapest HUN"]
[Date "2024.09.21"]
[Round "10.16"]
[Board "3"]
[White "Bederdin, Lilja"]
[Black "Sedina, Elena"]
[Result "1-0"]
[WhiteElo "2065"]
[BlackElo "2196"]
[PlyCount "117"]
[EventDate "2024.09.11"]
[WhiteTeam "Finland"]
[BlackTeam "Italy"]
[WhiteTeamCountry "FIN"]
[BlackTeamCountry "ITA"]

1. e4 e6 2. d4 d5 3. exd5 exd5 4. Nf3 Bd6 5. Bd3 Nc6 6. O-O Nge7 7. c3 Bg4 8. Nbd2 Qd7 9. Re1 O-O 10. Nf1 f6 ({RR} 10... Ng6 11. h3 Bxf3 12. Qxf3 Rae8 13. Bd2 Nce7 14. Ne3 Nf4 15. Bf1 c6 16. Ng4 Nfg6 17. g3 f5 18. Ne5 Bxe5 19. dxe5 f4 20. gxf4 Nh4 21. Qg3 Nef5 22. Qd3 Re6 23. Kh2 c5 24. c4 d4 {1-0 Tabatabaei,M (2718)-Sadhwani,R (2644) Chess Stars 4.0 Blitz 2024 (17.2)}) ({RR} 10... Rfe8 11. Ng3 Ng6 12. Rxe8+ Rxe8 13. Bd2 Nh4 14. Be2 Nxf3+ 15. Bxf3 Bxf3 16. Qxf3 Bf8 17. h4 Nd8 18. Nh5 c6 19. Qg3 Qd6 20. Bf4 Qg6 21. Qf3 Ne6 22. Bg3 Qe4 23. Qxe4 dxe4 24. Re1 f5 25. Be5 {0-1 Dos Santos,R-Garcia Cruz,L (1381) 10th Floripa Open 2024 (6.194)}) 11. Ne3 Bh5 12. g3 Nd8 $146 ({RR} 12... f5 13. Ng2 Ng6 14. Be2 Rae8 15. Ne5 Bxe2 16. Nxd7 Bxd1 17. Rxd1 Rf7 18. Nc5 Nd8 19. Nd3 Ne6 20. Re1 Kf8 21. f4 c6 22. a4 a5 23. b3 Nc7 24. Ne3 Re4 25. Ba3 Bxa3 26. Rxa3 Ne8 27. h4 {1-0 Khandelwal,A (2205)-Parvanyan,A (2431) 1st Munich Pfingst-Open A 2023 (6.22)}) 13. Ng2 Ne6 14. Ngh4 Rae8 15. Bd2 c6 16. Kg2 Bg4 17. Qc2 g5 18. Bxh7+ Kg7 19. Ng6 Nxg6 20. Bxg6 Nf4+ 21. Bxf4 Rxe1 22. Rxe1 gxf4 23. Nh4 Bh3+ 24. Kg1 f5 25. Qe2 Rh8 26. Qe6 Qxe6 27. Rxe6 Bf8 28. Nxf5+ Kg8 29. Rf6 fxg3 30. fxg3 Bxf5 31. Bxf5 Bg7 32. Rd6 Bh6 33. Rd7 b6 34. Rxa7 Bc1 35. Ra6 Bxb2 36. Rxb6 Bxc3 37. Rxc6 Bxd4+ 38. Kg2 Kg7 39. Rd6 Ra8 40. Bb1 Ra5 41. Kf3 Be5 42. Rb6 Bc3 43. h4 d4 44. Rb3 Ra7 45. g4 Be1 46. Kf4 Bxh4 47. Rh3 Rf7+ 48. Bf5 Bd8 49. Rh7+ Kf8 50. Rxf7+ Kxf7 51. g5 Kg7 52. a4 Kf8 53. Bd3 Kf7 54. Kf5 Kg7 55. g6 Bc7 56. Ke6 Ba5 57. Kd5 Bc3 58. Kc4 Kf6 59. Kb5 1-0

[Event "Olympiad Women 2024"]
[Site "Budapest HUN"]
[Date "2024.09.21"]
[Round "10.16"]
[Board "4"]
[White "Sala, Giulia"]
[Black "Puuska, Heini"]
[Result "1-0"]
[WhiteElo "2115"]
[BlackElo "1930"]
[PlyCount "65"]
[EventDate "2024.09.11"]
[WhiteTeam "Italy"]
[BlackTeam "Finland"]
[WhiteTeamCountry "ITA"]
[BlackTeamCountry "FIN"]

1. e4 c5 2. Nf3 Nc6 3. d4 cxd4 4. Nxd4 g6 5. Nc3 Bg7 6. Nb3 Nf6 7. Be2 d6 8. O-O O-O 9. Bg5 h6 10. Be3 a5 ({RR} 10... b6 11. Qd2 Kh7 12. f4 Bb7 13. Rad1 Rc8 14. Bf3 Qc7 15. Qf2 Qb8 16. a3 e6 17. Qh4 Ne7 18. g4 Rxc3 19. bxc3 Qc7 20. f5 exf5 21. exf5 Bxf3 22. Rxf3 Qxc3 23. Nd4 Qc4 24. g5 Nh5 25. f6 {1-0 Najer,E (2653)-Lu,S (2546) Wch Rapid Dubai 2014 (12)}) ({RR} 10... Bd7 11. f4 a6 12. Bf3 Rc8 13. Nd5 Nxd5 14. exd5 Na5 15. Nxa5 Qxa5 16. c3 b5 17. a3 Qc7 18. Qd2 Rcd8 19. Rae1 Rde8 20. Rf2 Bc8 21. Kh1 Bb7 22. f5 g5 23. h4 g4 24. Bxh6 f6 25. Bxg7 {1-0 Isaakidis,A (2155)-Chinasamy,D (1975) 45th Olympiad 2024 (2.65)}) 11. a4 Be6 12. f4 $146 ({RR} 12. Qd2 Kh7 13. f4 Ng4 14. Bxg4 Bxg4 15. f5 Ne5 16. h3 Nc4 17. Qc1 gxf5 18. hxg4 fxg4 19. Rb1 Rc8 20. Rf4 Nxb2 21. Rxb2 Bxc3 22. Rxg4 Qd7 23. Rf4 Qxa4 24. Rb1 Rg8 25. Rxf7+ Rg7 26. Rxg7+ Bxg7 {0-1 Lakomsky,D-Chaillou,T (1885) Tetraktys Concept Mgmt blitz 2021 (9)}) ({RR} 12. Qd2 Kh7 13. Rad1 Rc8 14. Kh1 Ne5 15. Nd4 Nc4 16. Bxc4 Bxc4 17. Rfe1 Ng4 18. b3 Ba6 19. Ndb5 Nxe3 20. Rxe3 Rc5 21. Nd5 e6 22. Nf4 Bxb5 23. axb5 Rxb5 24. Nd3 d5 25. e5 d4 26. Re4 Rd5 {1-0 Vasquez Schroeder,R (2470)-Matinian,N (2421) chess.com SpeedChess Q2Sw 2023 (10)}) 12... Bxb3 13. cxb3 Nb4 14. Rc1 d5 15. e5 Nh7 16. Bc5 Rc8 17. Qd4 g5 18. Bb5 Rxc5 19. Qxc5 gxf4 20. Rxf4 Bxe5 21. Rg4+ Kh8 22. Qe3 Bg7 23. Ne2 e5 24. Ng3 f5 25. Rxg7 Kxg7 26. Qxe5+ Kg6 27. Rc7 Qf6 28. Be8+ Rxe8 29. Qxe8+ Kg5 30. Qh5+ Kf4 31. Qf3+ Kg5 32. Rg7+ Qxg7 33. Qxf5+ 1-0

[Event "Olympiad Women 2024"]
[Site "Budapest HUN"]
[Date "2024.09.21"]
[Round "10.17"]
[Board "1"]
[White "Tan, Li Ting"]
[Black "Francisco Guecamburu, Candela Be"]
[Result "1/2-1/2"]
[WhiteElo "2037"]
[BlackElo "2294"]
[PlyCount "89"]
[EventDate "2024.09.11"]
[WhiteTeam "Malaysia"]
[BlackTeam "Argentina"]
[WhiteTeamCountry "MAS"]
[BlackTeamCountry "ARG"]

1. d4 Nf6 2. c4 e6 3. Nc3 Bb4 4. f3 c5 5. d5 b5 6. e4 O-O 7. a3 Bxc3+ 8. bxc3 bxc4 9. Bxc4 Ba6 10. Bxa6 Nxa6 11. Ne2 ({RR} 11. c4 exd5 12. cxd5 Nxe4 13. fxe4 Qh4+ 14. Kf1 Qf6+ 15. Bf4 Qxf4+ 16. Qf3 Qe5 17. Re1 f5 18. exf5 Qxf5 19. Qxf5 Rxf5+ 20. Nf3 Rxd5 21. Kf2 c4 22. Re4 Rc8 23. Rc1 c3 24. Re3 Nc5 25. Ke2 Na4 {0-1 Czerw,D (2389)-Mamedov,E (2434) Titled Tue 16th Jul Early 2024 (1)}) 11... exd5 $146 ({RR} 11... c4 12. Be3 exd5 13. exd5 Qa5 14. d6 Rfe8 15. Bd4 Re6 16. O-O Rxd6 17. Ng3 Re8 18. Re1 Rde6 19. Rxe6 dxe6 20. Qe2 e5 21. Re1 Qxa3 22. Bxa7 Qxc3 23. Bf2 Nb4 24. Rb1 Nd3 25. Be3 Ra8 26. Nf1 {0-1 Varga,P (2250)-Lorincz,I (2370) HUN-chT 9394 1993}) 12. exd5 c4 13. Bg5 Nc5 14. O-O Qb6 15. Rb1 Nb3+ 16. Kh1 Qd6 17. Nd4 Nc5 18. Nb5 Qe5 19. f4 Qxd5 20. Bxf6 Qxd1 21. Rbxd1 gxf6 22. Nd6 Rfb8 23. Rd5 Na4 24. Nxc4 Rc8 25. Nd6 Nxc3 26. Rd3 Rc5 27. Rc1 Rb8 28. h3 Ne4 29. Rxc5 Nf2+ 30. Kh2 Nxd3 31. Rc7 Rb2 32. Nf5 h5 33. Rxd7 Nxf4 34. Kg3 Nxg2 35. Rxa7 Kh7 36. a4 Kg6 37. Ne7+ Kh6 38. Nd5 Rd2 39. Nxf6 Ne1 40. Ra6 Rg2+ 41. Kf4 Nd3+ 42. Kf3 Ra2 43. Ne4+ Kg7 44. Ra7 Ra3 45. Nd6 1/2-1/2

[Event "Olympiad Women 2024"]
[Site "Budapest HUN"]
[Date "2024.09.21"]
[Round "10.17"]
[Board "2"]
[White "Campos, Maria Jose"]
[Black "Azhar, Puteri Munajjah Az-Zahraa"]
[Result "1-0"]
[WhiteElo "2252"]
[BlackElo "2014"]
[PlyCount "125"]
[EventDate "2024.09.11"]
[WhiteTeam "Argentina"]
[BlackTeam "Malaysia"]
[WhiteTeamCountry "ARG"]
[BlackTeamCountry "MAS"]

1. c4 e6 2. g3 d5 3. Nf3 dxc4 4. Bg2 a6 5. a4 c5 ({RR} 5... Nc6 6. O-O e5 7. Nc3 Nf6 8. b3 cxb3 9. Qxb3 Bd6 10. d3 h6 11. Be3 O-O 12. Rfc1 Be6 13. Qb2 Rb8 14. Nd2 Nd4 15. Bxd4 exd4 16. Nce4 Nxe4 17. Nxe4 Be7 18. a5 Bf5 19. Ra4 Bxe4 20. Bxe4 {½-½ Erigaisi,A (2633)-Grandelius,N (2672) Titled Tuesday intern op 08th Feb Early blitz 2022 (10)}) 6. O-O $146 ({RR} 6. Na3 Nc6 7. Nxc4 Nf6 8. a5 Be7 9. O-O O-O 10. b3 Nd5 11. Bb2 Bf6 12. Qc1 Nd4 13. Nxd4 cxd4 14. e4 Nb4 15. Ba3 Be7 16. Nb6 Rb8 17. e5 Nd3 18. Bxe7 Qxe7 19. Qc4 Nxe5 20. Qxd4 Nd7 {½-½ Kazakouski,V (2603)-Szustakowski,A (2364) Jana Maciei Mem 2024 (3.1)}) 6... Nc6 7. Na3 Na5 8. Qc2 Bd6 9. Nxc4 Nxc4 10. Qxc4 Bd7 11. Qc3 Nf6 12. Ne5 Nd5 13. Bxd5 exd5 14. Nxd7 d4 15. Qc4 Qxd7 16. e3 Qe6 17. b3 O-O-O 18. exd4 Qxc4 19. bxc4 cxd4 20. Bb2 Bc5 21. Rfe1 Rhe8 22. d3 f5 23. Kg2 g5 24. h3 Kd7 25. g4 f4 26. Kf3 Kd6 27. h4 h6 28. hxg5 hxg5 29. Rh1 Re5 30. Rh7 Kc6 31. Rah1 Rde8 32. Bc1 Bb4 33. Bb2 Bc5 34. Rg7 R8e7 35. Rh6+ Kd7 36. Rhg6 Rxg7 37. Rxg7+ Kc6 38. Rg6+ Kc7 39. Bc1 Kd7 40. Bd2 Bd6 41. Rf6 Ke7 42. Rf5 Rxf5 43. gxf5 Kf6 44. Ke4 b6 45. f3 a5 46. Be1 Bb4 47. Bf2 Bc3 48. Bg1 Bb2 49. Kd5 Kxf5 50. Kc6 g4 51. fxg4+ Kxg4 52. Kxb6 Kg3 53. c5 Kg2 54. c6 Kxg1 55. c7 f3 56. c8=Q Bc3 57. Qg4+ Kf2 58. Kc5 Ke3 59. Qe4+ Kf2 60. Kd5 Kg3 61. Qg6+ Kh3 62. Qh5+ Kg3 63. Ke4 1-0

[Event "Olympiad Women 2024"]
[Site "Budapest HUN"]
[Date "2024.09.21"]
[Round "10.17"]
[Board "3"]
[White "Azhar, Puteri Rifqah Fahada"]
[Black "Borda Rodas, Anapaola S."]
[Result "0-1"]
[WhiteElo "1947"]
[BlackElo "2216"]
[PlyCount "96"]
[EventDate "2024.09.11"]
[WhiteTeam "Malaysia"]
[BlackTeam "Argentina"]
[WhiteTeamCountry "MAS"]
[BlackTeamCountry "ARG"]

1. e4 e5 2. Nf3 Nc6 3. d4 exd4 4. Nxd4 Bc5 5. Nb3 Bb6 6. Nc3 d6 7. Qe2 a5 8. a4 Nb4 9. g3 ({RR} 9. Bf4 Nf6 10. O-O-O Qe7 11. Qd2 O-O 12. f3 Be6 13. Nd4 d5 14. e5 Bxd4 15. Qxd4 Nd7 16. Nb5 c5 17. Qf2 d4 18. Qg3 Bf5 19. Rd2 Nd5 20. Nd6 Bg6 21. Nc4 Nxf4 22. Qxf4 f6 23. exf6 Rxf6 {½-½ Dominguez Perez,L (2739)-Topalov,V (2740) Saint Louis Champions Showdown rapid 2019 (4.4)}) 9... h5 $146 ({RR} 9... Nf6 10. Bg2 O-O 11. O-O Bg4 12. Qd2 Qd7 13. Nd5 Nbxd5 14. exd5 Rfe8 15. Nd4 Bh3 16. Nf3 Bxg2 17. Kxg2 Qf5 18. b3 Qxd5 19. Qxd5 Nxd5 20. Bb2 Re2 21. Bd4 Bxd4 22. Nxd4 Rd2 23. c3 Ne3+ 24. Kf3 {0-1 Portal Ramos,C (2195)-Injac,T (2411) Titled Tue 2nd Jul Early 2024 (5)}) ({RR} 9... Nf6 10. Bg2 Bg4 11. Qd2 Qd7 12. h3 Be6 13. Nb5 d5 14. exd5 Bxd5 15. O-O Bxg2 16. Kxg2 Qc6+ 17. Kh2 Qxc2 18. Re1+ Kf8 19. N5d4 Qc4 20. Nf5 h6 21. Nbd4 g6 22. b3 Qd5 23. Qxh6+ Rxh6 24. Bxh6+ {1-0 Perez Ponsa,F (2527)-Demchenko,A (2623) Julius Baer Play-In 2023 (1.45)}) ({RR} 9... Nf6 10. Bg2 Bg4 11. f3 Be6 12. Bg5 h6 13. Bxf6 Qxf6 14. O-O-O O-O 15. Rhe1 Rfd8 16. f4 c6 17. Kb1 Bc7 18. Nd4 b5 19. axb5 a4 20. e5 dxe5 21. fxe5 Qe7 22. Nxc6 Nxc6 23. Bxc6 a3 24. Bxa8 {1-0 Lyell,M (2245)-Bodi,T (2316) Budapest FS03 IM 2020 (6)}) 10. h3 Be6 11. Bg2 Qd7 12. Nd5 Bxd5 13. exd5+ Qe7 14. Be4 Nf6 15. Bd3 Nxd3+ 16. cxd3 Nxd5 17. Qxe7+ Kxe7 18. Bd2 Kd7 19. O-O f5 20. Kg2 Rhe8 21. Rfe1 Rxe1 22. Rxe1 c5 23. Bc3 g6 24. Nd2 Bc7 25. Nc4 Nb4 26. b3 Nxd3 27. Rd1 Nb4 28. Ne5+ Ke6 29. Nxg6 Nd5 30. Bb2 Rg8 31. Rxd5 Rxg6 32. Rd3 f4 33. Kf3 fxg3 34. fxg3 d5 35. Kg2 d4 36. Rf3 Be5 37. Bc1 Kd5 38. Bd2 b6 39. Be1 Ke4 40. Rf8 Bxg3 41. Bxg3 h4 42. Rf4+ Ke3 43. Rxh4 d3 44. Rf4 d2 45. Rf3+ Ke2 46. Rf2+ Kd3 47. Rf3+ Kc2 48. Rf2 Kc1 0-1

[Event "Olympiad Women 2024"]
[Site "Budapest HUN"]
[Date "2024.09.21"]
[Round "10.17"]
[Board "4"]
[White "Sarquis, Maria Belen"]
[Black "Nithyalakshmi, Sivanesan"]
[Result "1-0"]
[WhiteElo "2172"]
[BlackElo "1912"]
[PlyCount "93"]
[EventDate "2024.09.11"]
[WhiteTeam "Argentina"]
[BlackTeam "Malaysia"]
[WhiteTeamCountry "ARG"]
[BlackTeamCountry "MAS"]

1. e4 e5 2. Nf3 Nc6 3. Bc4 Bc5 4. d3 Nf6 5. O-O O-O 6. a4 a5 7. Be3 ({RR} 7. Bg5 h6 8. Bh4 Be7 9. Bg3 d6 10. h3 Nd7 11. Re1 Kh8 12. c3 Nb6 13. Bb3 f5 14. exf5 Bxf5 15. d4 e4 16. Nfd2 d5 17. f3 Bh4 18. Bxh4 Qxh4 19. Qe2 Bxh3 20. fxe4 Bxg2 21. Kxg2 Qg5+ {½-½ Caruana,F (2808)-Aronian,L (2793) Norway Masters blitz 5th 2017 (9)}) 7... d6 8. h3 h6 $146 ({RR} 8... Bxe3 9. fxe3 Be6 10. Bxe6 fxe6 11. c3 d5 12. Nbd2 dxe4 13. Nxe4 Nxe4 14. dxe4 Qxd1 15. Raxd1 Rad8 16. Rxd8 Rxd8 17. Kf2 Kf7 18. Ke2 Ke7 19. h4 Rf8 20. Rb1 h5 21. b3 Rf6 22. b4 Rg6 23. Kf2 {½-½ Anton Guijarro,D (2690)-Aronian,L (2745) ChessKid Cup Play-In 2023 (5.1)}) ({RR} 8... Bxe3 9. fxe3 Be6 10. Bxe6 fxe6 11. Nbd2 h6 12. c3 Qd7 13. Qb3 Kh7 14. Rf2 b6 15. Raf1 Ne7 16. g4 Kh8 17. Nh4 Nh7 18. Ndf3 g5 19. Ng2 Ng6 20. Nge1 Rf7 21. Nd2 Raf8 22. Rxf7 Rxf7 23. Rxf7 {0-1 Pichot,A (2644)-Duda,J (2731) Titled Tue 12th Mar Late 2024 (6)}) 9. Nbd2 Ba7 10. c3 Be6 11. Bxe6 fxe6 12. Qb3 Qd7 13. Rad1 Bxe3 14. fxe3 d5 15. Rf2 Kh7 16. Rdf1 Qd6 17. g4 b6 18. Kh2 Rae8 19. g5 Nd7 20. Qd1 Qe7 21. Rg2 h5 22. g6+ Kg8 23. Ng5 Rxf1 24. Nxf1 Nf6 25. Nf7 Nd8 26. Nxe5 Qd6 27. d4 Nc6 28. Rg5 Nxe4 29. Rxh5 Nf6 30. Kg1 Nxh5 31. Nf7 Nf6 32. Nxd6 cxd6 33. Ng3 Ne7 34. Qc2 Rf8 35. Kg2 Nd7 36. h4 Rf6 37. h5 Kf8 38. b4 Nc6 39. Qd3 axb4 40. cxb4 Ke7 41. Qb5 Na7 42. Qa6 Nc6 43. Qc8 Nd8 44. a5 bxa5 45. bxa5 Rf8 46. a6 Nf7 47. Qc7 1-0